000 00636nam a2200217Ia 4500
005 20221118112751.0
008 210716s1992 xx 000 0 und d
020 _a8185198632
040 _cAIMIT LIBRARY
041 _aeng
082 _a005.368
_21
_bJALP
100 _aJalote, Pankaj.
_962610
245 _aIntegrated approach to software engineering /
_cBy Pankaj Jalote.
250 _a1st ed.
260 _aNew Delhi :
_bNarosa Publishing House ,
_c1992.
300 _axiv,375 p.;
_c24 cm.
650 _aDetailed design
_962611
650 _aCoding
_962612
650 _aTesting
_962613
942 _2ddc
_cBK
_e1st
_k005.368 JALP
999 _c183496
_d183496